[Event "Muensterland Verbandsliga Gr2 2223"]
[Site "Germany"]
[Date "2022.09.10"]
[Round "1.1"]
[White "Wienen, Hermann"]
[Black "Emming, Benedikt"]
[Result "1-0"]
[WhiteElo "1909"]
[BlackElo "1808"]
[PlyCount "61"]
[EventDate "2022.09.10"]
[EventType "team-tourn"]
[EventRounds "5"]
[EventCountry "GER"]
[SourceTitle "EXT 2024"]
[Source "ChessBase"]
[SourceDate "2023.10.10"]
[SourceVersion "1"]
[SourceVersionDate "2023.10.10"]
[SourceQuality "1"]
[WhiteTeam "Heiden"]
[BlackTeam "Suedlohn II"]
[WhiteTeamCountry "GER"]
[BlackTeamCountry "GER"]

1. e4 c5 2. Nf3 Nf6 3. Nc3 Nc6 4. d4 cxd4 5. Nxd4 e5 6. Nxc6 bxc6 7. Qf3 Bb4 8. Bg5 0-0 9. Bd3 h6 10. Bd2 d6 11. h3 Qe7 12. 0-0 Bb7 13. a3 Ba5 14. b4 Bc7 15. Ne2 d5 16. Ng3 dxe4 17. Bxe4 Nxe4 18. Qxe4 Qd7 19. Rfd1 f5 20. Qe2 c5 21. Qc4+ Kh8 22. Qxc5 Rad8 23. Bxh6 Qxd1+ 24. Rxd1 Rxd1+ 25. Nf1 Bd6 26. Qxa7 Rf7 27. Be3 Rc7 28. Qa4 Bc6 29. b5 Bd5 30. b6 Rc3 31. Qe8+ 1-0

[Event "Muensterland Verbandsliga 1819"]
[Site "Germany"]
[Date "2019.01.26"]
[Round "6.1"]
[White "Pliete, Christian"]
[Black "Wienen, Hermann"]
[Result "0-1"]
[WhiteElo "1826"]
[BlackElo "1936"]
[PlyCount "68"]
[EventDate "2018.09.01"]
[EventType "team-tourn"]
[EventRounds "9"]
[EventCountry "GER"]
[SourceTitle "EXT 2020"]
[Source "ChessBase"]
[SourceDate "2019.10.17"]
[SourceVersion "1"]
[SourceVersionDate "2019.10.17"]
[SourceQuality "1"]
[WhiteTeam "Raesfeld Erle II"]
[BlackTeam "Heiden"]
[WhiteTeamCountry "GER"]
[BlackTeamCountry "GER"]

1. e4 g6 2. Nf3 Bg7 3. Bc4 c6 4. Nc3 e5 5. d3 Ne7 6. Ng5 d5 7. Bb3 0-0 8. Nxh7 Kxh7 9. h4 Be6 10. h5 Kg8 11. h6 Bf6 12. Qf3 Nd7 13. g4 Kh7 14. Bd2 d4 15. Ne2 Bxb3 16. axb3 Ng8 17. Qg3 Bg5 18. f4 exf4 19. Bxf4 Bxf4 20. Qxf4 c5 21. 0-0-0 Qe7 22. Ng1 Qe5 23. Qd2 f6 24. Nf3 Qd6 25. Nh4 Ne5 26. Rdf1 Ne7 27. g5 b5 28. Rf2 fxg5 29. Rxf8 Rxf8 30. Qxg5 Qf6 31. Qg2 c4 32. bxc4 bxc4 33. dxc4 Nxc4 34. Qe2 Qa6 0-1

[Event "Muensterland Verbandsliga 1718"]
[Site "Germany"]
[Date "2018.02.10"]
[Round "6.2"]
[White "Melkert, Tim"]
[Black "Wienen, Hermann"]
[Result "0-1"]
[WhiteElo "1946"]
[BlackElo "1947"]
[PlyCount "116"]
[EventDate "2017.09.09"]
[EventType "team-tourn"]
[EventRounds "9"]
[EventCountry "GER"]
[SourceTitle "EXT 2019"]
[Source "ChessBase"]
[SourceDate "2018.10.10"]
[SourceVersion "1"]
[SourceVersionDate "2018.10.10"]
[SourceQuality "1"]
[WhiteTeam "Nienberge II"]
[BlackTeam "Heiden"]
[WhiteTeamCountry "GER"]
[BlackTeamCountry "GER"]

1. e4 e5 2. Nf3 Nc6 3. Bb5 a6 4. Ba4 Nf6 5. 0-0 b5 6. Bb3 Be7 7. Re1 0-0 8. h3 d6 9. c3 Na5 10. Bc2 c5 11. d4 Qc7 12. Nbd2 Bd7 13. b3 cxd4 14. cxd4 Rac8 15. Ba3 Qxc2 16. dxe5 Ne8 17. Nf1 Qxd1 18. Raxd1 Nc6 19. exd6 Bd8 20. Ne3 Ba5 21. Nd5 Bxe1 22. Ne7+ Kh8 23. Nxc8 Bb4 24. Bxb4 Nxb4 25. Nb6 Nf6 26. e5 Rb8 27. exf6 Rxb6 28. Ne5 Rb7 29. Nxf7+ Kg8 30. Ng5 gxf6 31. Ne4 Kf7 32. a3 Nc6 33. Rd5 Ne5 34. Nc5 Ra7 35. f4 Be6 36. Rd4 Nd7 37. b4 Nxc5 38. bxc5 Bd7 39. Kf2 Bc6 40. g4 a5 41. Ke3 Rb7 42. Kd3 Ke6 43. Kc3 Rg7 44. Rd3 Rb7 45. Kd4 b4 46. Re3+ Kf7 47. axb4 Rxb4+ 48. Kc3 Rb7 49. Kc4 a4 50. Re1 a3 51. Ra1 Ra7 52. Ra2 Ra4+ 53. Kb3 Rxf4 54. Rxa3 Rf3+ 55. Kb4 Rxa3 56. Kxa3 Ke6 57. Kb4 Kd5 58. h4 h6 0-1

[Event "Muensterland Verbandsliga 1617"]
[Site "Germany"]
[Date "2017.01.28"]
[Round "6.1"]
[White "Boehlich, Daniel"]
[Black "Wienen, Hermann"]
[Result "0-1"]
[WhiteElo "1994"]
[BlackElo "1937"]
[PlyCount "88"]
[EventDate "2016.09.10"]
[EventType "team"]
[EventRounds "9"]
[EventCountry "GER"]
[SourceTitle "EXT 2018"]
[Source "ChessBase"]
[SourceDate "2017.10.13"]
[SourceVersion "1"]
[SourceVersionDate "2017.10.13"]
[SourceQuality "1"]
[WhiteTeam "Emsdetten Rochade II"]
[BlackTeam "Heiden"]
[WhiteTeamCountry "GER"]
[BlackTeamCountry "GER"]

1. e4 e5 2. Nf3 Nc6 3. d4 exd4 4. Bb5 Bb4+ 5. c3 dxc3 6. 0-0 Nge7 7. Nxc3 Bxc3 8. bxc3 d6 9. Nd4 Bd7 10. Rb1 a6 11. Bd3 b5 12. f4 0-0 13. Nc2 f5 14. Ne3 Kh8 15. Qc2 Qc8 16. Bb2 Rb8 17. Rbe1 Be6 18. Rf2 Qd7 19. Ba1 d5 20. exd5 Nxd5 21. Rd2 Qf7 22. Nxd5 Bxd5 23. Bb2 Bc4 24. Ba3 Bxd3 25. Rxd3 Rfe8 26. Rde3 h6 27. h3 Rxe3 28. Rxe3 Rd8 29. Qe2 Qd5 30. Re8+ Rxe8 31. Qxe8+ Kh7 32. Qf8 a5 33. Bc5 Qe4 34. Qa8 b4 35. cxb4 axb4 36. Qb7 Qd5 37. Bxb4 Qd4+ 38. Kh2 Nxb4 39. Qxc7 Nxa2 40. Qc2 Qxf4+ 41. g3 Nb4 42. Qb1 Qf2+ 43. Kh1 Qf3+ 44. Kh2 Nd3 0-1

[Event "Muensterland Verbandsliga 1516"]
[Site "Germany"]
[Date "2016.03.05"]
[Round "7.2"]
[White "Fischer, Andreas"]
[Black "Wienen, Hermann"]
[Result "1/2-1/2"]
[WhiteElo "1952"]
[BlackElo "1968"]
[PlyCount "30"]
[EventDate "2015.09.12"]
[EventType "team"]
[EventRounds "9"]
[EventCountry "GER"]
[SourceTitle "EXT 2017"]
[Source "ChessBase"]
[SourceDate "2016.10.25"]
[SourceVersion "1"]
[SourceVersionDate "2016.10.25"]
[SourceQuality "1"]
[WhiteTeam "Saerbeck"]
[BlackTeam "Heiden"]
[WhiteTeamCountry "GER"]
[BlackTeamCountry "GER"]

1. e4 e5 2. f4 Nc6 3. Nc3 d6 4. Nf3 Nf6 5. Bb5 exf4 6. d4 Bd7 7. Bxf4 a6 8. Bd3 Bg4 9. Be2 d5 10. exd5 Nxd5 11. Nxd5 Qxd5 12. Bxc7 Be7 13. c3 0-0 14. 0-0 Rae8 15. Qd2 Bg5 1/2-1/2

[Event "Muensterland Verbandsliga 1516"]
[Site "Germany"]
[Date "2016.01.16"]
[Round "5.2"]
[White "Liesmann, Karsten"]
[Black "Wienen, Hermann"]
[Result "1/2-1/2"]
[WhiteElo "1987"]
[BlackElo "1968"]
[PlyCount "64"]
[EventDate "2015.09.12"]
[EventType "team"]
[EventRounds "9"]
[EventCountry "GER"]
[SourceTitle "EXT 2017"]
[Source "ChessBase"]
[SourceDate "2016.10.25"]
[SourceVersion "1"]
[SourceVersionDate "2016.10.25"]
[SourceQuality "1"]
[WhiteTeam "Bocholt"]
[BlackTeam "Heiden"]
[WhiteTeamCountry "GER"]
[BlackTeamCountry "GER"]

1. d4 e6 2. Nf3 Nf6 3. e3 b6 4. Bd3 Bb7 5. Nbd2 d5 6. 0-0 Nbd7 7. b3 Bd6 8. Bb2 0-0 9. c4 Qe7 10. Ne5 Rfd8 11. f4 c5 12. Qe2 Ne4 13. Bxe4 dxe4 14. Rad1 f6 15. Ng4 f5 16. Ne5 cxd4 17. exd4 Nxe5 18. fxe5 Ba3 19. Bxa3 Qxa3 20. Nb1 Qb4 21. Qe3 Qe7 22. Nc3 a6 23. d5 exd5 24. Rxf5 dxc4 25. bxc4 Rxd1+ 26. Nxd1 Qe6 27. Qf2 Rd8 28. Ne3 g6 29. Qg3 Rd3 30. Rf6 Qe7 31. Rd6 Qc7 32. Qf4 Rxd6 1/2-1/2

[Event "Muensterland Verbandsliga 1314"]
[Site "Germany"]
[Date "2014.01.18"]
[Round "5.1"]
[White "Wienen, Hermann"]
[Black "Haselhorst, Helmut"]
[Result "1/2-1/2"]
[WhiteElo "1946"]
[BlackElo "2060"]
[PlyCount "53"]
[EventDate "2013.09.07"]
[EventType "team-tourn"]
[EventRounds "9"]
[EventCountry "GER"]
[SourceTitle "EXT 2015"]
[Source "ChessBase"]
[SourceDate "2014.11.20"]
[SourceVersion "1"]
[SourceVersionDate "2014.11.20"]
[SourceQuality "1"]
[WhiteTeam "Heiden"]
[BlackTeam "Ostbevern Westbevern"]
[WhiteTeamCountry "GER"]
[BlackTeamCountry "GER"]

1. e4 Nf6 2. e5 Nd5 3. d4 d6 4. c4 Nb6 5. exd6 exd6 6. Bd3 Be7 7. Ne2 0-0 8. 0-0 Nc6 9. Nbc3 Bf6 10. Be3 g6 11. a3 Re8 12. b4 d5 13. c5 Nc4 14. Nxd5 Qxd5 15. Nf4 Qd8 16. Bxc4 Bxd4 17. Bxd4 Nxd4 18. Nd5 Nf5 19. Qb3 c6 20. Ne3 Qf6 21. Ng4 Qg7 22. Rae1 Bd7 23. Bxf7+ Qxf7 24. Nf6+ Kg7 25. Qxf7+ Kxf7 26. Nxd7 Rad8 27. Ne5+ 1/2-1/2

[Event "Muensterland Verbandsliga 1112"]
[Site "Germany"]
[Date "2011.11.19"]
[Round "3.1"]
[White "Wienen, Hermann"]
[Black "Fuest, Martin"]
[Result "1/2-1/2"]
[WhiteElo "1953"]
[BlackElo "2070"]
[PlyCount "41"]
[EventDate "2011.09.24"]
[EventType "team-tourn"]
[EventRounds "9"]
[EventCountry "GER"]
[SourceTitle "EXT 2013"]
[Source "ChessBase"]
[SourceDate "2012.11.22"]
[SourceVersion "1"]
[SourceVersionDate "2012.11.22"]
[SourceQuality "1"]
[WhiteTeam "Heiden"]
[BlackTeam "Bocholt"]
[WhiteTeamCountry "GER"]
[BlackTeamCountry "GER"]

1. e4 c6 2. d4 d5 3. exd5 cxd5 4. Bd3 Nc6 5. c3 Nf6 6. Nf3 Bg4 7. 0-0 e6 8. Nbd2 Bd6 9. Re1 Qc7 10. Nf1 Bf4 11. Bxf4 Qxf4 12. Re3 Qc7 13. Qa4 Bxf3 14. Rxf3 Qa5 15. Qc2 Rc8 16. Qd2 h6 17. Qe2 a6 18. Nd2 Qc7 19. Nb3 Nd8 20. Re3 0-0 21. Rf1 1/2-1/2

[Event "Muensterland Verbandsliga 1011"]
[Site "Germany"]
[Date "2011.03.26"]
[Round "8.1"]
[White "Wienen, Hermann"]
[Black "Remmeke, Hans"]
[Result "1/2-1/2"]
[WhiteElo "1974"]
[BlackElo "2134"]
[PlyCount "49"]
[EventDate "2010.09.25"]
[EventType "team-tourn"]
[EventRounds "9"]
[EventCountry "GER"]
[SourceTitle "EXT 2012"]
[Source "ChessBase"]
[SourceDate "2011.11.24"]
[SourceVersion "1"]
[SourceVersionDate "2011.11.24"]
[SourceQuality "1"]
[WhiteTeam "Heiden"]
[BlackTeam "Nienberge"]
[WhiteTeamCountry "GER"]
[BlackTeamCountry "GER"]

1. e4 c5 2. Nf3 Nc6 3. Bc4 g6 4. 0-0 Bg7 5. c3 d6 6. d3 Nf6 7. Bg5 0-0 8. h3 Na5 9. Na3 Nxc4 10. Nxc4 d5 11. Ne3 dxe4 12. dxe4 Nxe4 13. Qxd8 Rxd8 14. Bxe7 Rd7 15. Bh4 h6 16. Rad1 Rxd1 17. Rxd1 Be6 18. Nd5 Rb8 19. a3 g5 20. Bg3 Nxg3 21. fxg3 Kf8 22. Ne3 Ke7 23. g4 Rd8 24. Nf5+ Bxf5 25. Rxd8 1/2-1/2